Kreikan saaret kartalla - Statistics

Yleistilastot
  • Tätä visaa on pelattu 45 kertaa
  • Keskiarvotulos 6 / 15
Vastaukset kartalla
Vastauksille on annettu kartalla punavihreä väri sen mukaan, kuinka moni on saanut sen oikein.
 
Vastaustilastot
Vastaus % Oikein
Kreeta
90%
Ródos
66%
Korfu
59%
Euboia
45%
Lesbos
45%
Zákynthos
41%
Chíos
34%
Lefkas
34%
Náxos
34%
Sámos
34%
Thásos
31%
Kárpathos
28%
Kefaloniá
24%
Límnos
24%
Ándros
21%
Ehtoja vastaavia visoja ei löytynyt
Tulosjakauma
Jokaisen tuloksen saaneiden osuus
Persentiili vastausten määrän mukaan
Tuloshistoriasi
Et ole pelannut tätä visaa